000 01278nam a2200337 a 4500
001 000115708
003 CHAP
005 20220329144545.0
008 190626s2018 mx a sm |||||||spa d
010 _a112169
011 _a113141
040 _cCHAP
090 _aTesis
100 1 _aHernández Barrios, José Antonio.
_9136317
245 1 0 _aAvances en el mejoramiento génetico de maíz azul mediante mutagénesis /
_h[En línea]
_cpor José Antonio Hernández Barrios.
260 _aChapingo, Méx. :
_bEl autor,
_c2018.
500 _aPara ver el contenido del material haga clic en la liga
502 _aTesis (Ing. Agr. Fitotecnista) -- Colegio Superior Agropecuario del Estado de Guerrero. Centro de Estudios Profesionales
590 _aBATCH-UPD
_b05
_c20190627
_lUCH01
_h1021
590 _aE8697GMM
_b05
_c20190626
_lUCH01
_h1038
590 _aE8697GMM
_b05
_c20190626
_lUCH01
_h1039
590 _aE8697GMM
_b05
_c20190627
_lUCH01
_h1020
590 _aE8697GMM
_b05
_c20190703
_lUCH01
_h1524
650 1 4 _aMaíz
_xMejoramiento.
_971006
650 1 4 _aMutación en plantas.
_979907
650 1 4 _aRayos gama
_xEfectos fisiológicos.
_994855
856 _aFinding aid
_uhttp://10.13.5.2/tesis/sist115708.pdf
_zTeclea aquí
901 _aBK
942 _cTESIS
942 _n0
999 _c112169
_d112169